| 000 | 00656nam a2200265Ia 4500 | ||
|---|---|---|---|
| 008 | 190123s9999 xx 000 0 und d | ||
| 020 | _a9780516422947 | ||
| 050 | _bV458 1991 | ||
| 100 | _aVenezia, Mike | ||
| 245 | 0 | _aPaul Klee / | |
| 245 | 0 | _cby Mike Venezia. | |
| 260 | _aNew York, New York : | ||
| 260 | _bScholastic, | ||
| 260 | _c1991 | ||
| 300 | _a32 pages : | ||
| 300 | _bcolored illustrations ; | ||
| 300 | _c24cm. | ||
| 440 | _aGetting to know the world's greatest artists. | ||
| 500 | _a940L | ||
| 650 | _aKlee, Paul, 1879-1940. | ||
| 650 | _aPainters. | ||
| 650 | _aSwitzerland. | ||
| 700 | _aSeries. | ||
| 700 | _aTitle. | ||
| 999 |
_c361168 _d361168 |
||